| 000 | 01189nam a2200313 a 4500 | ||
|---|---|---|---|
| 001 | 000115319 | ||
| 003 | CHAP | ||
| 005 | 20220329144529.0 | ||
| 008 | 190506s2018 mx a |sm |||||||spa d | ||
| 010 | _a111780 | ||
| 011 | _a112752 | ||
| 040 | _cCHAP | ||
| 090 | _aTesis | ||
| 100 | 1 |
_aOrtiz Aparicio, Gil. _9126778 |
|
| 245 | 1 | 0 |
_aValoración económica de los servicios recreativos ambientales del agua mediante el método de costo de viaje en el estado de Chihuahua, México _h[En línea] _cpor Gil Ortíz Aparicio. |
| 260 |
_aChapingo, Méx. : _bEl autor, _c2018. |
||
| 500 | _aPara ver el contenido del material haga clic en la liga | ||
| 502 | _aTesis (M.C. en Economía Agrícola y de los Recursos Naturales) -- UACH. División de Ciencias Económico-Administrativas | ||
| 590 |
_aE6339RRR _b05 _c20190506 _lUCH01 _h1538 |
||
| 590 |
_aE6339RRR _b05 _c20190506 _lUCH01 _h1539 |
||
| 590 |
_aE6339RRR _b05 _c20190506 _lUCH01 _h1540 |
||
| 650 | 1 | 4 |
_aAgua _xAprovechamiento. _92282 |
| 650 | 1 | 4 |
_aAreas recreativas _96882 |
| 650 | 1 | 4 |
_aTurismo. _9115606 |
| 856 |
_aFinding aid _uhttp://10.13.5.2/tesis/sist115319.pdf _zTeclea aquí |
||
| 901 | _aBK | ||
| 942 | _cTESIS | ||
| 942 | _n0 | ||
| 999 |
_c111780 _d111780 |
||